LEADER 00991naa a2200205 u 4500 001 000000096654 003 CaOOAMICUS 005 20070226130147.0 008 041102s1978 it u000 u ita u 035 $a11013520 040 $aIAR$bita 100 1 $aMira, Giuseppe,$d1912-$0(OLS)http://pul/name/12763 245 10$aAspetti di vita economica nell'Assisi di san Francesco /$cGiusppe Mira. 260 $aAssisi :$bTipografia Porziuncola,$c1978. 300 $aS. 123-179 ;$c23 cm 651 4$aAssisi$xStoria economica$ySec. XII-XIII.$0(OLS)http://pul/subject/30525 773 0 $aAssisi al tempo di san Francesco : Atti del V convegno internazionale. 773 0 $aSocietą internazionale di studi francescani.$tAssisi al tempo di S. Francesco : atti del V Convegno Internazionale (Assisi, 13-16 ottobre 1977)$w()6743 996 $6245$aAspetti di vita economica nell'Assisi di san Francesco$9(OLS)http://pul/title/123536 996 $6260$aAssisi :$bTipografia Porziuncola$9(OLS)http://pul/publisher/48396 LEADER 01184nam a2200253 u 4500 001 000000113805 003 CaOOAMICUS 005 20081110091936.0 008 081110s2008 vc u000 u ita r 020 $z978-88-465-0639-9* 040 $aPUL$bita$dLDB 100 1 $aPower, Edmund,$cO.S.B.,$d1952-$0(OLS)http://pul/name/70197 245 10$aIn viaggio con San Paolo :$briflessioni dell'abate di San Paolo fuori le mura /$cEdmund Power. 260 $aCittą del Vaticano :$bLateran University Press,$cc2008. 300 $a93 p. ;$c19 cm 490 1 $aMane nobiscum ;$v13 600 04$aPaulus,$cs., apostolo$xMeditazioni.$0(OLS)http://pul/subject/8572 830 0$aMane nobiscum ;$v13.$0(OLS)http://pul/title/119124 850 $aPUL 852 $aPUL$W1$xSL Religione 3$y85$m233. 05 COLL 1.13$j130002$qDDC 21$B129081$CPULBib$Z2$F129081 $H108747 $82 941 1 $a9 996 $6020$z978-88-465-0639-9*$9(OLS)http://pul/number/139116 996 $6245$aIn viaggio con San Paolo :$briflessioni dell'abate di San Paolo fuori le mura$9(OLS)http://pul/title/143009 996 $6260$aCittą del Vaticano :$bLateran University Press$9(OLS)http://pul/publisher/74585